| 000 | 00952nam a22003137a 4500 | ||
|---|---|---|---|
| 003 | CHAP | ||
| 005 | 20220329143730.0 | ||
| 008 | 110428s1969 uk a r 00010 eng d | ||
| 010 | _a101076 | ||
| 011 | _a102048 | ||
| 020 | _a0199140014 | ||
| 035 | _a112736 | ||
| 040 | _cCHAP | ||
| 082 | 0 | 4 |
_a541.369 _bF51 |
| 100 | 1 |
_aFirth, D. C. _941050 |
|
| 245 | 1 | 0 |
_aElementary chemical thermodynamics _c/por D. C. Firth |
| 260 |
_aLondres : _bOxford University, _c1969 |
||
| 300 |
_a136 p. : _bilus., tablas |
||
| 590 |
_aBATCH-UPD _b10 _c20130110 _lUCH01 _h1507 |
||
| 590 |
_aBATCH-UPD _b10 _c20130410 _lUCH01 _h0926 |
||
| 590 |
_aBATCH-UPD _b10 _c20130914 _lUCH01 _h1410 |
||
| 590 |
_aCONVERSION _b10 _c20130109 _lUCH01 _h1356 |
||
| 650 | 1 | 4 |
_aQuímica. _993552 |
| 650 | 1 | 4 |
_aReacciones químicas. _994911 |
| 650 | 1 | 4 |
_aTermodinámica. _9112366 |
| 901 | _aBK | ||
| 942 | _cLIBRO | ||
| 949 |
_a541.369 F51 _bBC _cLIBRO _d33724002254199 _eLIBRO _h114806 _i112736 _sb |
||
| 999 |
_c101076 _d101076 |
||